[Event "London Classic 7th Tiebreak"]
[Site "London"]
[Date "2015.12.13"]
[Round "1.1"]
[White "Vachier Lagrave, Maxime"]
[Black "Giri, Anish"]
[Result "0-1"]
[WhiteElo "2773"]
[BlackElo "2784"]
[Annotator "Sagar Shah/CB Website"]
[PlyCount "86"]
[EventDate "2015.12.13"]
[EventType "k.o. (rapid)"]
[EventRounds "2"]
[EventCountry "ENG"]
[SourceTitle "CBM 170"]
[Source "ChessBase"]
[SourceDate "2016.01.15"]
[SourceVersion "1"]
[SourceVersionDate "2016.01.15"]
[SourceQuality "1"]

1. e4 e5 2. Nf3 Nc6 3. Bb5 Nf6 4. O-O Nxe4 5. d4 Nd6 6. Bxc6 dxc6 7. dxe5 Nf5
8. Qxd8+ Kxd8 {In one of the rapid tiebreaks Anish of course puts his money on
the Berlin to defend with the black pieces.} 9. h3 Ke8 10. Nc3 h5 {Maxime sank
into thought here trying to remember the best setup that would suit him in
this shortened time control.} 11. Ne2 b6 12. Rd1 Be7 13. Bg5 Bb7 14. Bxe7 Kxe7
15. Ned4 Nxd4 16. Nxd4 {Maxime tries to play in an extremely simplified
fashion. But the funny thing about the Berlin is that once you try to play
very normal moves Black has his trumps and he tends to come out on top. Like
in this case.} c5 $1 (16... g6 {Trying to stop Nf5 won't be the most accurate.}
17. f4 c5 18. Nb5 Rhc8 19. Kf2 {and White is basically a tempo up as compared
to the game.}) 17. Nb5 (17. Nf5+ $6 Ke6 18. Nxg7+ Kxe5 $19 {and the knight is
trapped in the corner.}) 17... Rhc8 $1 {...a6 or ...Bc6 is coming up next and
the knight will be kicked away.} 18. f4 Bc6 (18... a6 {was also pretty good.}
19. Nc3 Rd8 $15) 19. Nc3 Ke6 20. Kf2 h4 $1 {Let us try to understand the
reasons why Black is better here. His king is centralised, the pawn on g2 is
fixed. Also the bishop on c6 somehow dominates the knight on c3. Because of
all these reasons Black is just better.} 21. a4 Kf5 22. Ke3 (22. Nd5 $1 {
It was necessary to make this move if he wanted to have any chances of
equalising.} Bxd5 23. Rxd5 Kxf4 24. Rd7 $1 Kxe5 25. Rxf7 Rf8 26. Re1+ Kd6 27.
Ree7 Rxf7+ 28. Rxf7 g5 $11 {Black should be very slightly better but a draw
would be the most likely outcome.}) 22... Re8 $1 {A very nice move. Now Nd5
will be met with ...Rac8 and Nb5 with ...Re7. Besides ...f6 is threatened now.}
23. Nd5 Rac8 $1 24. Rd2 f6 {Giri's play is a model game for anyone who would
like to know the reasons why the Berlin should be played.} 25. Rf1 fxe5 26.
fxe5+ Kg5 $1 (26... Kxe5 {was also possible.}) 27. Nc3 Rxe5+ {Black wins a
pawn and the rest should be just a matter of technique.} 28. Kf2 Rf8+ 29. Kg1
Rxf1+ 30. Kxf1 Rf5+ 31. Kg1 Rf4 32. Re2 Kf6 33. b3 a6 34. Nd1 Bd5 35. c4 Be6
36. a5 Rd4 37. Nf2 Bf5 38. Ra2 Rd6 39. Kf1 (39. axb6 Rxb6 $19 {[%cal Gb6b3]})
39... Ke5 40. Re2+ Kf4 41. Ra2 g5 42. Ke1 Re6+ 43. Kf1 Re3 (43... Re3 {Maxime
resigned when he realised that he would soon lose all his pawns. The onus was
now on the Frenchman to win with the black pieces.} 44. axb6 cxb6 45. Rxa6 Rxb3
46. Ra2 Rc3 47. Rb2 Rc1+ 48. Ke2 Rxc4 49. Rxb6 Kg3 $19) 0-1

[Event "London Classic 7th Tiebreak"]
[Site "London"]
[Date "2015.12.13"]
[Round "1.2"]
[White "Giri, Anish"]
[Black "Vachier Lagrave, Maxime"]
[Result "0-1"]
[WhiteElo "2784"]
[BlackElo "2773"]
[Annotator "Sagar Shah/CB Website"]
[PlyCount "118"]
[EventDate "2015.12.13"]
[EventType "k.o. (rapid)"]
[EventRounds "2"]
[EventCountry "ENG"]
[SourceTitle "CBM 170"]
[Source "ChessBase"]
[SourceDate "2016.01.15"]
[SourceVersion "1"]
[SourceVersionDate "2016.01.15"]
[SourceQuality "1"]

{After scoring a win with the black pieces, Anish found himself in the
enviable situation of holding Maxime with the white pieces. Knowing the solid
player that he is this shoudn't be a very tough task.} 1. d4 Nf6 2. c4 g6 3.
Nc3 d5 4. cxd5 Nxd5 5. g3 Bg7 6. Bg2 Nb6 (6... Nxc3 7. bxc3 c5 {is much more
common but White can be solid here with} 8. e3) 7. Nf3 Nc6 8. e3 O-O 9. O-O Re8
10. b3 e5 11. Nxe5 Nxe5 12. dxe5 Bxe5 13. Bb2 Qe7 14. Qc2 c6 15. Rad1 Bg4 16.
f3 Be6 17. f4 Bg7 18. e4 Rad8 19. e5 Bg4 20. Bf3 (20. Rxd8 Rxd8 21. Ne4 $14 {
might have been a better way to continue.}) 20... Rxd1 21. Qxd1 Rd8 22. Qe2
Bxf3 23. Rxf3 f6 24. exf6 Qxe2 25. Nxe2 Bf8 (25... Rd2 26. fxg7 Rxb2 27. Nc3
Kxg7 $11) 26. Bd4 Kf7 27. Rc3 Nd5 28. Rc4 Nxf6 {Black has recovered the pawn
and the position is about equal. But Maxime needs to win and hence tries to
keep as many pieces on the board as possible.} 29. Kg2 Nd5 30. Kf3 a5 31. Bc5
Bg7 32. Bd4 Bf8 33. Bc5 Bh6 {At this point it seemed as if Giri was quite
confident that he would easily make a draw. But now he starts making mistakes
and soon lands up in a positional that is pretty irritating to defend.} 34. Rd4
Bg7 35. Rd2 a4 $1 36. Bd4 (36. b4 {might have made it easier to achieve the
draw.}) 36... Bxd4 37. Rxd4 axb3 38. axb3 Ra8 $1 {The rook takes the open file
and is threatening to penetrate to a2. It is not much but it is surely quite
unpleasant.} 39. Rd3 Ra2 40. h3 Rb2 41. Nd4 h5 42. f5 $1 {A good move by Anish.
It either exchanges a few more pawns or secures the e6 square for the knight.}
g5 43. Ne6 Kf6 44. Nd8 (44. g4 {would have been good but it is very difficult
for a human to make this move especially when your opponent can play h4.} h4
45. Nc5 Rh2 (45... Nf4 46. Ne4+ Ke5 47. Nc5 $1 Kf6 48. Ne4+ $11) 46. Ne4+ Kg7
47. Nxg5 Kh6 48. Nf7+ Kg7 49. Ng5 $11) 44... Rh2 $1 {A super accurate move by
MVL.} 45. Nxb7 Rxh3 (45... h4 $6 46. Kg4 hxg3 47. Kxg3 $11) 46. Nd6 Rh2 47. Ke4
Re2+ 48. Kd4 Ne7 49. Kc5 $6 (49. g4 $1 {was such a nice move but so difficult
to find in time pressure.} hxg4 50. Ne4+ Kf7 51. Nxg5+ $11) 49... g4 50. Kb6
Re5 51. Kc7 c5 $6 (51... Nd5+ $1 $19) 52. Nc4 Rxf5 53. Rd6+ Kg5 54. Re6 Nd5+
55. Kd6 h4 56. gxh4+ Kxh4 57. Ne5 $6 (57. Re5 {would have ensured a draw now
as after} Rxe5 58. Nxe5 Nf4 59. Nxg4 Kxg4 60. Kxc5 $11) 57... Nf4 58. Rh6+ Kg5
59. Rh8 $2 (59. Rh7 {would have preserved excellent drawing chances.}) 59...
Rxe5 $1 {As alert as ever, MVL grabbed his chance and equalised his match
forcing things into a final Armageddon game.} 0-1

[Event "London Classic 7th Tiebreak"]
[Site "London"]
[Date "2015.12.13"]
[Round "1.3"]
[White "Giri, Anish"]
[Black "Vachier Lagrave, Maxime"]
[Result "0-1"]
[WhiteElo "2784"]
[BlackElo "2773"]
[Annotator "Sagar Shah/CB Website"]
[PlyCount "82"]
[EventDate "2015.12.13"]
[EventType "k.o. (rapid)"]
[EventRounds "2"]
[EventCountry "ENG"]
[SourceTitle "CBM 170"]
[Source "ChessBase"]
[SourceDate "2016.01.15"]
[SourceVersion "1"]
[SourceVersionDate "2016.01.15"]
[SourceQuality "1"]

{Maxime won the toss and decided to choose the black pieces, which meant that
he had five minutes to Anish's six but the Frenchman had the odds of the draw.
} 1. Nf3 Nf6 2. g3 g6 3. b3 Bg7 4. Bb2 b6 5. Bg2 Bb7 6. O-O O-O 7. c4 c5 {
All symmetrical until now. But the players slowly start to break the symmetry
now.} 8. e3 d6 9. Qe2 Nbd7 10. Rd1 e6 11. Nc3 Qe7 12. d4 Rad8 13. Qc2 (13. e4
$1 $14 {would have given the sort of position just the kind of slight edge
that he would have been looking for in this game.}) 13... d5 14. Ne5 cxd4 15.
exd4 Nxe5 16. dxe5 Ng4 17. cxd5 exd5 18. Bxd5 (18. Nxd5 Bxd5 19. Rxd5 Rxd5 20.
Bxd5 Bxe5 21. Rd1 {would have led to a small edge for White.}) 18... Nxe5 19.
Qe4 Bc8 $1 20. Re1 Bf5 $17 21. Qe3 Qc5 22. Rad1 Bg4 (22... Nd3 23. Rxd3 Bxd3
24. Qxd3 Bxc3 $19 {was equally good.}) 23. Rb1 Bf5 (23... Rxd5 $1 24. Nxd5 Nf3+
25. Kg2 Qxd5 $19) 24. Be4 Nd3 25. Qxc5 bxc5 26. Bxd3 Rxd3 27. Na4 Rd2 28. Bxg7
Kxg7 {White has averted the worst possible outcome but Black is still
completely fine and to win this game is a next to impossible task.} 29. Rb2
Rfd8 30. Re2 Rd1+ 31. Kg2 c4 32. bxc4 Bd3 33. Re7 Bxc4 34. Re3 R8d6 35. a3 Bf1+
36. Kf3 Rf6+ 37. Ke4 Re6+ (37... Bg2+ 38. f3 Bxf3+ 39. Rxf3 Re6+ 40. Kf4 Rd4+
41. Kg5 h6#) 38. Kf3 Rf6+ 39. Ke4 Re6+ 40. Kf3 Rf6+ 41. Kg4 Rd4+ {[%cal Gd4a4]
The knight is lost and Giri had to resign.} 0-1

[Event "Tata Steel-A 78th"]
[Site "Wijk aan Zee"]
[Date "2016.01.23"]
[Round "7"]
[White "Van Wely, Loek"]
[Black "Giri, Anish"]
[Result "0-1"]
[WhiteElo "2640"]
[BlackElo "2798"]
[Annotator "Postny,E"]
[PlyCount "90"]
[EventDate "2016.01.16"]
[EventType "tourn"]
[EventRounds "13"]
[EventCountry "NED"]
[EventCategory "20"]
[SourceTitle "CBM 171"]
[Source "ChessBase"]
[SourceDate "2016.03.14"]
[SourceVersion "2"]
[SourceVersionDate "2016.03.14"]
[SourceQuality "1"]

1. Nf3 d5 2. d4 Nf6 3. c4 c6 4. e3 Bg4 5. h3 Bh5 (5... Bxf3 {is a bit of a
concession, even though after} 6. Qxf3 e6 {Black's position is very solid.}) 6.
Nc3 e6 7. g4 Bg6 8. Ne5 {Now, in order to hunt the light-squared bishop, White
has to weaken his kingside a bit.} Nbd7 9. h4 (9. Nxg6 hxg6 10. g5 (10. a3 g5
11. c5 Be7 12. b4 e5 13. Bg2 Qc7 14. O-O Nf8 $13 {½-½ (58) Spoelman,W (2583)
-Giri,A (2798) Amstelveen 2015}) 10... Ng8 11. h4 Ne7 12. Bd2 Nf5 13. Qg4 Be7 {
[%cal Ge7g5]} 14. Rh3 dxc4 15. Bxc4 Qc7 16. h5 $6 ({White should play it
slowly:} 16. O-O-O O-O-O 17. Kb1 Kb8 18. Bb3 {hoping to make use of his pair
of bishops in the long term.}) 16... gxh5 17. Rxh5 O-O-O 18. O-O-O g6 $11 {
0-1 (41) Nyback,T (2594)-Navara,D (2730) Reykjavik 2015}) 9... dxc4 10. Nxc4 {
Again it is more principled to grab the bishop.} (10. Nxg6 hxg6 11. g5 Nd5 12.
Bxc4 Bb4 13. Bd2 Qe7 14. Qf3 (14. Qb3 N7b6 15. Be2 O-O-O 16. a3 Ba5 17. O-O-O
e5 18. dxe5 Qxe5 19. Nxd5 Bxd2+ 20. Rxd2 Rxd5 $11 {1/2-1/2 (55) Caruana,F 
(2796)-Vachier Lagrave,M (2719) Tromsoe 2013}) 14... O-O-O 15. Bb3 Kb8 16. e4
$6 {Too early for this push.} (16. O-O-O {is preferable.}) 16... Nxc3 17. bxc3
Ba5 $11 {0-1 (47) Wang,H (2739)-Jakovenko,D (2736) St Petersburg 2012}) ({
White can't trap the bishop:} 10. h5 $2 Nxe5 11. dxe5 $2 Qxd1+ 12. Nxd1 (12.
Kxd1 Nxg4 $17) 12... Be4 $17) 10... h5 (10... h6 {is also possible.}) 11. g5
Nd5 {I believe that Black has already solved his opening problems. His
light-squared bishop is safe. White has got some superiority in space, but at
the same time some weak spots as well.} 12. Bg2 N5b6 13. b3 $146 (13. Na5 Qc7
$6 (13... Bb4 $1 14. Nxb7 Qc7 15. Nc5 Nxc5 16. dxc5 Bxc5 17. Qf3 Nd5 $11) 14.
Bd2 Be7 15. Rc1 $14 {1-0 (49) Ortmann,D (2321)-Keusch,H (1882) Berlin 2007})
13... Bb4 14. Bd2 e5 $1 15. a3 (15. Ne4 Bxd2+ 16. Qxd2 Nxc4 17. bxc4 O-O $11) (
{Interesting complications could arise after} 15. O-O O-O (15... Nxc4 $6 16.
bxc4 O-O 17. Qb3 Ba5 18. Rad1 $14) 16. Nxe5 Nxe5 17. dxe5 Qe7 18. a3 $1 Bxa3
19. f4 Rad8 20. f5 Bb2 21. Ne4 Bxa1 22. Qxa1 Rxd2 $1 23. Nxd2 Qd7 {[%csl Rd2,
Rf5]} 24. fxg6 Qxd2 25. gxf7+ Rxf7 26. Rxf7 Kxf7 $11) ({Or:} 15. Nxe5 Nxe5 16.
dxe5 Qe7 17. a3 $1 (17. f4 $2 {is too greedy in view of} O-O-O $17) 17... Bxa3
18. O-O Rd8 19. Ne2 O-O (19... Bb4 20. Nd4 $1 Bxd2 21. Qxd2 c5 22. Rxa7 cxd4
23. Rxb7 Nd7 24. Qxd4 O-O 25. Bh3 Nxe5 26. Rxe7 Nf3+ 27. Kg2 Nxd4 28. exd4 Rxd4
$11) 20. Nf4 Bb2 21. Rxa7 Bxe5 22. Nxg6 fxg6 23. Qc2 Bb8 $1 24. Ra2 Kh7 {
In this double edged position I would prefer Black, as his king is actually
safer.}) 15... Nxc4 16. bxc4 Ba5 17. O-O O-O 18. c5 $5 {An interesting
decision, but also a committal one. The d4-pawn can now become vulnerable.} (
18. Ne4 {would be a safe option with approximately equal chances.}) 18... Re8
19. Ra2 $6 {The b1-square is not available for the rook, so in order to get to
the b-file, the rook has to make this awkward manoeuvre. However, it would be
more natural just to put the rook on c1.} (19. Rc1 exd4 (19... Nf8 $6 20. d5
$14) (19... Qc7 20. Ne2 Rad8 21. f4 $13) 20. exd4 Nf8 21. Bf4 Bxc3 22. Rxc3 Be4
$11) 19... Qc7 20. Rb2 $6 {Logically continuing the wrong manoeuvre.} (20. Ne2
exd4 21. exd4 Bxd2 22. Qxd2 Nf8 (22... Rad8 $6 23. f4 $13) 23. Qf4 (23. f4 $6
Qd7 24. Ng3 Qg4 $17) 23... Qd7 $15) 20... b6 $6 ({After the simple} 20... Rad8
{I don't see how White can hold his centre. For instance:} 21. Qa4 (21. Ne2
exd4 22. exd4 Bxd2 23. Rxd2 Qa5 $17 {[%csl Ra3][%cal Gd7c5]}) 21... exd4 22.
Nd5 (22. Nb5 cxb5 23. Qxa5 b6 $17) (22. exd4 Bxc3 23. Bxc3 Qf4 $17 {[%csl Rh4]}
) 22... cxd5 23. Bxa5 b6 24. cxb6 axb6 $17) 21. cxb6 $6 (21. Ne2 Bxd2 (21...
bxc5 $2 22. Bxa5 Qxa5 23. Bxc6) 22. Rxd2 bxc5 23. dxc5 Nxc5 24. Ng3 {[%csl Rh5]
White is, probably, worse, but has some play.}) 21... axb6 $6 (21... Bxb6 $1
22. d5 e4 {was more challenging. The bishop has not much to do on a5 anyway.})
22. d5 e4 (22... Bxc3 23. Bxc3 cxd5 24. Bb4 e4 25. Qxd5 Ne5 26. Bd6 Qd7 27.
Rxb6 Rad8 28. Qxe5 $1 Rxe5 29. Bxe5 {Black is pressing, but when White puts
his bishop on g3, this looks to me like a fortress.}) 23. dxc6 Qxc6 24. Nb5 $2
(24. Ne2 {was more flexible, as from e2 the knight can go both to d4 and the
f4-square.} Ne5 25. Bxa5 Rxa5 26. Nf4 Rxa3 27. Rc2 Qb5 28. Rc7 {with decent
compensation for the pawn.}) 24... Ne5 25. Bxa5 Rxa5 26. Nd4 Qd6 27. Ne2 {
Loek eventually came to the right manoeuvre, but too late.} Nd3 {Black's
knight is already there.} 28. Nf4 Rxa3 29. Rb5 (29. Rd2 b5 30. Nxh5 b4 31. Ng3
Qe6 32. h5 Bf5 33. f3 {was, perhaps, a better practical chance to muddy the
waters.}) 29... Qc6 30. Qb1 Nxf4 31. exf4 Qd7 $1 32. Rxb6 Qg4 $19 ({A computer
like win is as follows:} 32... e3 33. Qb2 Rd3 $1 34. fxe3 Rd2 35. Qb5 Rxg2+ $1
36. Kxg2 Qd2+ 37. Rf2 Be4+ 38. Kg1 Qe1+ 39. Qf1 Qxe3 40. Rbb2 Qg3+ 41. Rg2 Bxg2
42. Rxg2 Qxh4 $19) 33. Rb8 Rxb8 34. Qxb8+ Kh7 35. Qe5 Rf3 36. f5 Bxf5 37. Re1
Rf4 38. Re3 Bg6 39. Qd6 Qxh4 {White's pawns are falling one after another.} 40.
Rg3 Rg4 41. Qe5 Rxg3 42. fxg3 Qg4 43. Kf2 Bf5 44. Qe7 Kg6 45. Qe5 Qxg5 0-1

[Event "Norway Masters blitz 4th"]
[Site "Stavanger"]
[Date "2016.04.18"]
[Round "5"]
[White "Giri, Anish"]
[Black "Vachier Lagrave, Maxime"]
[Result "0-1"]
[WhiteElo "2790"]
[BlackElo "2788"]
[PlyCount "113"]
[EventDate "2016.04.18"]
[EventType "tourn (blitz)"]
[EventRounds "9"]
[EventCountry "NOR"]
[EventCategory "21"]
[SourceTitle "CBM 171 Extra"]
[Source "ChessBase"]
[SourceDate "2016.04.26"]
[SourceVersion "1"]
[SourceVersionDate "2016.04.26"]
[SourceQuality "1"]

1. e4 c5 2. Nf3 d6 3. Bb5+ Nd7 4. a4 Ngf6 5. Nc3 a6 6. Be2 e5 7. O-O Be7 8. d3
b6 9. Nd2 Bb7 10. Nc4 O-O 11. f4 exf4 12. Bxf4 d5 13. Nd6 Bxd6 14. Bxd6 Re8 15.
exd5 Nxd5 16. Nxd5 Bxd5 17. Bf3 Nf6 18. Bg3 Bxf3 19. Qxf3 Qd4+ 20. Kh1 Qd5 21.
Bh4 Qxf3 22. Rxf3 Nd5 23. Rf2 Re6 24. h3 Rae8 25. Kh2 f6 26. Bg3 Nb4 27. Rd1
Re2 28. Rd2 Rxd2 29. Rxd2 Kf7 30. d4 cxd4 31. Bf2 d3 32. c3 Nc6 33. Rxd3 Re2
34. Bxb6 Ne5 35. Rd6 Rxb2 36. Bd4 Nc4 37. Rxa6 h5 38. Kg3 h4+ 39. Kf3 Kg6 40.
Rc6 Nd2+ 41. Kf4 Ra2 42. Ra6 Nb3 43. Kf3 Kf5 44. Ra7 Nd2+ 45. Ke3 Nf1+ 46. Kf3
Nh2+ 47. Ke3 Rxg2 48. a5 g5 49. Ra6 g4 50. Rxf6+ Kg5 51. Rf8 Ra2 52. Rg8+ Kf5
53. Rf8+ Ke6 54. hxg4 h3 55. Kf4 Nf1 56. Rh8 h2 57. Rh6+ 0-1

[Event "Gashimov Memorial 3rd"]
[Site "Shamkir"]
[Date "2016.05.26"]
[Round "1"]
[White "Mamedov, Rauf"]
[Black "Giri, Anish"]
[Result "1/2-1/2"]
[WhiteElo "2655"]
[BlackElo "2790"]
[PlyCount "83"]
[EventDate "2016.05.26"]
[EventType "tourn"]
[EventRounds "9"]
[EventCountry "AZE"]
[EventCategory "20"]
[SourceTitle "CBM 173"]
[Source "ChessBase"]
[SourceDate "2016.07.12"]
[SourceVersion "1"]
[SourceVersionDate "2016.07.12"]
[SourceQuality "1"]

1. e4 c5 2. c3 Nf6 3. e5 Nd5 4. Nf3 d6 5. d4 cxd4 6. cxd4 Nc6 7. Bc4 dxe5 8.
dxe5 Ndb4 9. Qxd8+ Nxd8 10. Na3 Bg4 11. Bd2 Nbc6 12. Bc3 Bxf3 13. gxf3 a6 14.
Nc2 e6 15. Bd3 Rc8 16. Be4 Be7 17. f4 f5 18. exf6 Bxf6 19. Bxf6 gxf6 20. f5 Ne7
21. O-O-O exf5 22. Bf3 Rc7 23. Kb1 Ndc6 24. Bh5+ Ng6 25. Ne3 Nce7 26. Nd5 Nxd5
27. Rxd5 f4 28. Rd4 O-O 29. Rg1 Rg7 30. Bxg6 Rxg6 31. Rxg6+ hxg6 32. Rxf4 Kg7
33. Kc2 Kh6 34. Kd3 Kg5 35. Rb4 b5 36. a4 Rd8+ 37. Ke4 Rh8 38. Ke3 Rh3+ 39. f3
bxa4 40. Rg4+ Kh5 41. Rxa4 Rxh2 42. Rxa6 1/2-1/2

[Event "Mumbai Mayors Cup 9th"]
[Site "Mumbai"]
[Date "2016.06.03"]
[Round "2"]
[White "Bartakke, Amardeep S"]
[Black "Girish, A Koushnik"]
[Result "1/2-1/2"]
[WhiteElo "2085"]
[BlackElo "2406"]
[PlyCount "102"]
[EventDate "2016.06.02"]
[EventType "swiss"]
[EventRounds "10"]
[EventCountry "IND"]
[SourceTitle "CBM 173 Extra"]
[Source "ChessBase"]
[SourceDate "2016.08.29"]
[SourceVersion "1"]
[SourceVersionDate "2016.08.29"]
[SourceQuality "1"]

1. e4 e5 2. Nf3 Nc6 3. Bb5 a6 4. Ba4 Nf6 5. Qe2 d6 6. c3 g6 7. d4 b5 8. Bc2 Bg7
9. O-O O-O 10. Rd1 Qe7 11. d5 Na5 12. a4 Bd7 13. axb5 axb5 14. b4 Nc4 15. Rxa8
Rxa8 16. Bd3 c6 17. Bxc4 bxc4 18. Qxc4 cxd5 19. exd5 Ba4 20. Re1 Qb7 21. Nbd2
Nxd5 22. Ne4 Ra6 23. Bg5 f5 24. Nf6+ Bxf6 25. Bxf6 Qc6 26. Qh4 Bb3 27. Qg5 Qxc3
28. h4 Ra1 29. Rxa1 Qxa1+ 30. Kh2 Qa7 31. b5 Bc4 32. h5 Qf7 33. Bxe5 dxe5 34.
Nxe5 Qc7 35. f4 Bxb5 36. hxg6 h6 37. Qxf5 Kg7 38. Qe4 Nf6 39. Qd4 h5 40. g4
Qc2+ 41. Kg1 Qc1+ 42. Kh2 Qc2+ 43. Kg1 Qa4 44. Qxa4 Bxa4 45. gxh5 Nxh5 46. Kf2
Nxf4 47. Ke3 Ne6 48. Ke4 Kf6 49. Ng4+ Kxg6 50. Ke5 Ng5 51. Ne3 Bb3 1/2-1/2

[Event "Mumbai Mayors Cup 9th"]
[Site "Mumbai"]
[Date "2016.06.04"]
[Round "4"]
[White "Sadhwani, Raunak"]
[Black "Girish, A Koushnik"]
[Result "1/2-1/2"]
[WhiteElo "2084"]
[BlackElo "2406"]
[PlyCount "78"]
[EventDate "2016.06.02"]
[EventType "swiss"]
[EventRounds "10"]
[EventCountry "IND"]
[SourceTitle "CBM 173 Extra"]
[Source "ChessBase"]
[SourceDate "2016.08.29"]
[SourceVersion "1"]
[SourceVersionDate "2016.08.29"]
[SourceQuality "1"]

1. e4 e5 2. Nf3 Nc6 3. Bb5 a6 4. Ba4 Nf6 5. O-O b5 6. Bb3 Nxe4 7. d4 d5 8. dxe5
Be6 9. c3 Be7 10. Nbd2 Nc5 11. Bc2 d4 12. Nb3 d3 13. Nxc5 dxc2 14. Qxd8+ Rxd8
15. Nxe6 fxe6 16. Be3 Rd5 17. Rac1 Nxe5 18. Nxe5 Rxe5 19. Rxc2 Kf7 20. c4 b4
21. Rd1 Rd8 22. Rxd8 Bxd8 23. Rd2 Ke8 24. Kf1 a5 25. Bd4 Rg5 26. g3 Bf6 27. Be3
Rh5 28. h4 a4 29. Ke2 Ra5 30. Kf3 Ra8 31. Ke4 Rb8 32. Bf4 b3 33. a3 Rb6 34. Be5
c5 35. f4 h5 36. Rd3 Rc6 37. Rd2 Ke7 38. Rd3 Ra6 39. Rd2 Rc6 1/2-1/2

[Event "Mumbai Mayors Cup 9th"]
[Site "Mumbai"]
[Date "2016.06.05"]
[Round "6"]
[White "Singh, S Vikramjit"]
[Black "Girish, A Koushnik"]
[Result "0-1"]
[WhiteElo "2160"]
[BlackElo "2406"]
[PlyCount "84"]
[EventDate "2016.06.02"]
[EventType "swiss"]
[EventRounds "10"]
[EventCountry "IND"]
[SourceTitle "CBM 173 Extra"]
[Source "ChessBase"]
[SourceDate "2016.08.29"]
[SourceVersion "1"]
[SourceVersionDate "2016.08.29"]
[SourceQuality "1"]

1. d4 Nf6 2. c4 g6 3. Nc3 d5 4. Nf3 Bg7 5. Bg5 Ne4 6. Bh4 Nxc3 7. bxc3 dxc4 8.
Qa4+ Nd7 9. e3 O-O 10. Qxc4 c5 11. Be2 cxd4 12. cxd4 Qa5+ 13. Kf1 e5 14. Be7
Re8 15. Bb4 Qd8 16. h4 Nb6 17. Qc5 exd4 18. Nxd4 Nd5 19. Bf3 Nxb4 20. Qxb4 a5
21. Qd2 Ra6 22. h5 Rd6 23. hxg6 hxg6 24. Rc1 b5 25. g3 b4 26. Kg2 Qd7 27. Rc6
Rxc6 28. Bxc6 Bb7 29. Bf3 Bxf3+ 30. Nxf3 Qxd2 31. Nxd2 Rc8 32. Nb3 a4 33. Nd4
Kf8 34. Kf3 Ke7 35. Rd1 Bxd4 36. Rxd4 Rb8 37. Rd2 b3 38. axb3 axb3 39. Rb2 Kd6
40. Ke4 Kc5 41. Kd3 Kb4 42. Kd2 Ka3 0-1

[Event "Mumbai Mayors Cup 9th"]
[Site "Mumbai"]
[Date "2016.06.06"]
[Round "7"]
[White "Girish, A Koushnik"]
[Black "Aradhya, Garg"]
[Result "1-0"]
[WhiteElo "2406"]
[BlackElo "2274"]
[PlyCount "104"]
[EventDate "2016.06.02"]
[EventType "swiss"]
[EventRounds "10"]
[EventCountry "IND"]
[SourceTitle "CBM 173 Extra"]
[Source "ChessBase"]
[SourceDate "2016.08.29"]
[SourceVersion "1"]
[SourceVersionDate "2016.08.29"]
[SourceQuality "1"]

1. d4 d5 2. Bf4 c5 3. e3 Nc6 4. c3 Nf6 5. Nd2 Qb6 6. Qb3 Bf5 7. dxc5 Qxb3 8.
axb3 e5 9. Bg3 Bxc5 10. b4 Bd6 11. b5 Nb8 12. Ngf3 Nbd7 13. Be2 O-O 14. O-O
Rfe8 15. Ra2 Bc7 16. Rfa1 Bb6 17. c4 Rac8 18. b4 dxc4 19. Nxc4 Be6 20. Nxb6
axb6 21. Rb2 Bc4 22. Rd1 Bxe2 23. Rxe2 Rc4 24. Rb2 g6 25. h3 e4 26. Nd4 Ne5 27.
Bxe5 Rxe5 28. Ra2 Re7 29. Ra8+ Kg7 30. Rd8 Rxb4 31. Rd6 Rd7 32. Rxd7 Nxd7 33.
Nc2 Rb2 34. Rxd7 Rxc2 35. Rxb7 h5 36. h4 Kf6 37. g3 Rc1+ 38. Kg2 Rb1 39. Rxb6+
Kf5 40. Rb7 f6 41. b6 Rb2 42. Rb8 Rb3 43. b7 Rb1 44. Kh2 Rb6 45. Kh3 Rb2 46. f3
exf3 47. e4+ Kxe4 48. Re8+ Kd3 49. b8=Q Rxb8 50. Rxb8 Ke2 51. Rb2+ Kf1 52. g4
hxg4+ 1-0